| 000 | 00520nam a22001937a 4500 | ||
|---|---|---|---|
| 999 |
_c532761 _d532761 |
||
| 003 | OSt | ||
| 005 | 20191202154401.0 | ||
| 008 | 150806b xxu||||| |||| 00| 0 eng d | ||
| 020 | _a9788126544257 | ||
| 038 | _aMSOHAIL | ||
| 040 | _c0 | ||
| 082 |
_a658.152 _bJOS |
||
| 100 |
_aCiby Joseph _926332 |
||
| 245 |
_aAdvanced Credit Risk Analysis and Management _cCiby Joseph |
||
| 260 |
_aIndia _bWiley _c2014 |
||
| 300 |
_a427 p. _bPB |
||
| 440 |
_aAdvanced Credit Risk Analysis and Management _926333 |
||
| 942 |
_2ddc _cBK |
||